000 00508nam a22001817a 4500
003 NUST - PNEC
005 20170116181002.0
008 150912b xxu||||| |||| 00| 0 eng d
020 _a9788120323810
040 _cLIBRARY
082 _a621.382 RAP
100 _99566
_aRappaport, Theodore S.
245 _aWireless communications : Principles and practice
_cTheodore S. Rappaport
250 _a2nd ed.
260 _cc.2002
650 _99569
_aWireless communication systems
_xMS-COM
942 _2ddc
_cBK
999 _c66739
_d66739